00277nam a2200121Ia 4500008004100000100001400041245003100055260002800086300000800114650001100122942000700133999001500140190216s9999||||xx |||||||||||||| ||und|| aGupta S K 0aManual Of Botany Practical bKedernath Ramnathc1978 a73p aBotany cBK c1312d1312